| 000 | 00987nam a2200301 a 4500 | ||
|---|---|---|---|
| 001 | 60030 | ||
| 003 | BD-RjUL | ||
| 005 | 20211209080810.0 | ||
| 008 | 161228s1992 enk b 001 0 eng | ||
| 020 | _a0803939329 | ||
| 020 | _a0803939337 (pbk.) | ||
| 035 | _a(BD-RjUL)60154 | ||
| 040 |
_aDLC _cDLC _dBD-RjUL _beng |
||
| 041 | _aeng | ||
| 082 | 0 | 0 |
_a362.6 _223 _bGEN 1992 |
| 245 | 0 | 0 |
_aGender, families, and elder care / _cJeffrey W. Dwyer and Raymond T. Coward. |
| 260 |
_aLondon : _bSage Publications, _cc1992. |
||
| 300 |
_axv, 262 p. ; _c23 cm. |
||
| 504 | _aIncludes bibliographical references and indexes.. | ||
| 650 | 0 |
_aOlder people _xCare _zUnited States. _9178623 |
|
| 650 | 0 |
_aCaregivers _zUnited States. _9178624 |
|
| 650 | 0 |
_aSex role _zUnited States. _9178625 |
|
| 650 | 0 |
_aOlder people _xFamily relationships _zUnited States. _9178626 |
|
| 700 | 1 |
_aDwyer, Jeffrey W. _9178627 |
|
| 700 | 1 |
_aCoward, Raymond T. _9178628 |
|
| 942 |
_2ddc _cBK |
||
| 999 |
_c60030 _d60030 |
||